000 00281 a2200121 4500
000 nam a22 7a 4500
100 _aVega Everly
110 _aVega Everly
245 _aNeural Networks
260 _bBRILLIANCE PUBLICATIONS
264 _bBRILLIANCE PUBLICATIONS
942 _cBK
999 _c394840
_d394840